| 000 | 00887nam a2200277 i 4500 | ||
|---|---|---|---|
| 003 | EG-GICUC | ||
| 005 | 20260126183638.0 | ||
| 008 | 260126s1896 -ukao||fr|||| 00| 0 eng d | ||
| 040 |
_aEG-GiCUC _beng _cEG-GiCUC _dEG-GiCUC _erda |
||
| 041 | 0 | _aeng | |
| 082 | 0 | 4 |
_221 _a341.9 _bMU . M |
| 092 | 0 | 4 | _221 |
| 099 | _aLaw1 12 341.9 MU . M 1896 | ||
| 100 | 1 |
_aMuir, William _eAuthor. |
|
| 245 | 0 | 4 |
_aThe Mameluke Or Slave Dynasty Of Egypt : _b1260-1517 A.d. / _cBy Sir William Muir, K.c.s.i., Ll.d., D.c.l. |
| 264 | 1 |
_aLondon : _bSmith, Elder, & Co, _c1896. |
|
| 300 |
_a245 pages, _c24 cm |
||
| 336 |
_2rda content _atext |
||
| 337 |
_2rda media _aComputer |
||
| 338 |
_2rda carrier _aOnline Resource |
||
| 546 | _aText in English | ||
| 650 | 1 | 4 | _aPrivate international law |
| 856 | 4 | 0 | _uhttps://fll.law.cu.edu.eg/fulltext/bks/B12-01783.pdf |
| 905 | _a48 | ||
| 942 |
_2ddc _cBK _e21 _n0 |
||
| 999 |
_c59515 _d59515 |
||